Tanrı buyruğu / (Record no. 14471)
[ view plain ]
| 000 -BAŞLIK | |
|---|---|
| Sabit Uzunlukta Kontrol Alanı | 00630nam a22001937a 4500 |
| 999 ## - SİSTEM KONTROL NUMARALARI (KOHA) | |
| Koha Biblionumber | 14471 |
| Koha Biblioitemnumber | 14471 |
| 003 - KONTROL NUMARASI IDENTIFIER | |
| Denetim Alanı | MIRAKIL |
| 005 - SON İŞLEM TARİHİ VE ZAMANI | |
| Denetim Alanı | 20210806165915.0 |
| 008 - SABİT-BOY VERİ ELEMANLARI - GENEL BİLGİLER | |
| Sabit Uzunlukta Kontrol Alanı | 210806b tu ||||| |||| 00| 0 tur d |
| 040 ## - KATALOGLAMA KAYNAK | |
| Orijinal Kataloglama Ajansı | TR-AnCHP |
| Metne Dönüştürmek Ajansı | TR-AnCHP |
| 041 ## - DİL KODU | |
| Metin / Ses Parça Veya Ayrı Başlığın Dil Kodu | Tur |
| 082 ## - DEWEY ONLU SINIFLANDIRMA NUMARASI | |
| Sınıflandırma Numarası | 297.211 |
| Ürün Numarası | T25 1955 |
| 245 ## - BAŞLIK TABLOSU | |
| Başlık | Tanrı buyruğu / |
| Sorumluluk Tablosu, Vb | Çeviren Ömer Rıza Doğrul. |
| 260 ## - YAYIN, DAĞITIM, VB | |
| Yayın, Dağıtım, Vb Yeri | [İstanbul] : |
| Yayıncı, Dağıtıcı, Vs Adı | Ahmet Halil Kitabevi, |
| Yayın, Dağıtım, Vb Tarihi | 1955. |
| 300 ## - FİZİKSEL TANIM | |
| Kapsam | c.: |
| Boyutlar | 25 sm. |
| 650 #0 - KONU KATMA GİRİŞ - TOPİKAL DÖNEM | |
| 9 (RLIN) | 513 |
| Topikal Süreli Veya Coğrafi Ad Giriş Elemanı | İslam dini |
| Genel Alt Bölümü | Kuran-ı kerim meali |
| 700 ## - KATMA GİRİŞ - KİŞİSEL İSİM | |
| 9 (RLIN) | 6339 |
| Kişisel Ad | Doğrul, Ömer Rıza |
| Relator Terim | çev. |
| 740 ## - KATMA GİRİŞ - KONTROLSUZ İLGİLİ / ANALİTİK BAŞLIK | |
| Kontrol Edilmeyen / İlgili Analitik Başlıktaki | Eser adı dış kapakta : Tanrı buyruğu : Kur'an-ı Kerim'in tercüme ve tefsiri. |
| 942 ## - EKLENDİ GİRİŞ ELEMANLARI (KOHA) | |
| Sınıflandırma Veya Raf Düzeni Kaynak | Dewey Decimal Classification |
| Koha Öğesi Türü | Books |
| Kalıcı Konum | Mevcut Konum | Edinme Tarihi | Toplam Check-Out'Lar | Tam Çağrı Numarası | Barkod | Tarih Son Görülme | Kopya Sayısı | İtibaren Geçerli Fiyatlar | Sigara Kamu Notu | Koha Öğesi Türü |
|---|---|---|---|---|---|---|---|---|---|---|
| CHP Kütüphanesi | CHP Kütüphanesi | 08/06/2021 | 297.211 T25 1955 | 019967 | 08/06/2021 | c.1 | 08/06/2021 | Emin Değer Bağışıdır. | Books | |
| CHP Kütüphanesi | CHP Kütüphanesi | 08/06/2021 | 297.211 T25 1955 | 019968 | 08/06/2021 | c.2 | 08/06/2021 | Emin Değer Bağışıdır. | Books |
